| 000 | 00524nam a2200217Ia 4500 | ||
|---|---|---|---|
| 003 | OSt | ||
| 005 | 20140313131735.0 | ||
| 008 | 140130s9999 xx 000 0 und d | ||
| 020 | _a0590638793 | ||
| 050 |
_aPZ 7 _b.P2197Jts 1998 |
||
| 100 | _aPark, Barbara | ||
| 245 |
_cBarbara Park _aJunie B. and some sneaky peeky / |
||
| 260 |
_bScholastic, _c1998. _aNew York : |
||
| 300 |
_a66 p. : _bill. ; _c20 cm. |
||
| 440 | _v1 | ||
| 521 | _aG2 | ||
| 526 | _c410 | ||
| 942 |
_cBK _2lcc |
||
| 999 |
_c40271 _d40271 |
||